000 00314pab a2200133 454500
008 180718b2003 xxu||||| |||| 00| 0 eng d
100 _aCaplan, Joel
245 _aPolice cynicism: police survival tool?
260 _c2003
300 _ap.304-13.
650 _aPolice
773 _aPolice Journal
909 _a59728
999 _c59728
_d59728